000 00626nam a2200277Ia 4500
005 20260324144812.0
008 008 260324s9999 xx 000 0 eng d
020 _a9780203135617
037 _aEBOOK
040 _aCRL
040 _beng
040 _cCRL
041 _2eng
041 _aeng
084 _qCRL
100 _aKaren Chapman
_91220666
245 4 _aThe Sociology of Schools
260 _bTaylor and Francis
260 _c1986
365 _a
365 _b235
856 _uhttp://www.taylorfrancis.com/books/9780203135617
942 _cEBOOK
999 _c1827737
_d1827737